| 000 -LEADER |
| fixed length control field |
01452cam a22003254a 4500 |
| 001 - CONTROL NUMBER |
| control field |
11903147 |
| 005 - DATE AND TIME OF LATEST TRANSACTION |
| control field |
20170731140113.0 |
| 008 - FIXED-LENGTH DATA ELEMENTS--GENERAL INFORMATION |
| fixed length control field |
000204s2000 nyua b 001 0 eng |
| 010 ## - LIBRARY OF CONGRESS CONTROL NUMBER |
| LC control number |
00022981 |
| 020 ## - INTERNATIONAL STANDARD BOOK NUMBER |
| International Standard Book Number |
0071353453 |
| 020 ## - INTERNATIONAL STANDARD BOOK NUMBER |
| International Standard Book Number |
0070590257 |
| 040 ## - CATALOGING SOURCE |
| Original cataloging agency |
DLC |
| Transcribing agency |
DLC |
| Modifying agency |
DLC |
| 042 ## - AUTHENTICATION CODE |
| Authentication code |
pcc |
| 050 00 - LIBRARY OF CONGRESS CALL NUMBER |
| Classification number |
QA76.73.C153 |
| Item number |
H815 2000 |
| 082 00 - DEWEY DECIMAL CLASSIFICATION NUMBER |
| Classification number |
005.133,HUB |
| Edition number |
21 |
| 100 1# - MAIN ENTRY--PERSONAL NAME |
| Personal name |
Hubbard, J. R. |
| Fuller form of name |
(John Rast), |
| Dates associated with a name |
1943- |
| 9 (RLIN) |
3689 |
| 245 10 - TITLE STATEMENT |
| Title |
Schaum's outline of theory and problems of data structures with C++ / |
| Statement of responsibility, etc. |
John R. Hubbard. |
| 246 30 - VARYING FORM OF TITLE |
| Title proper/short title |
Theory and problems of data structures with C++ |
| 260 ## - PUBLICATION, DISTRIBUTION, ETC. |
| Place of publication, distribution, etc. |
New York : |
| Name of publisher, distributor, etc. |
McGraw-Hill, |
| Date of publication, distribution, etc. |
c2000. |
| 300 ## - PHYSICAL DESCRIPTION |
| Extent |
viii, 407 p. : |
| Other physical details |
ill. ; |
| Dimensions |
28 cm. |
| 490 0# - SERIES STATEMENT |
| Series statement |
Schaum's outline series |
| 505 ## - FORMATTED CONTENTS NOTE |
| Formatted contents note |
Review of C++ (Page-01), Pointers and arrays (Page-25), Classes(Page-47), Recursion, (Page-76), Stacks(Page-92), Queues (Page-110) ,Lists(Page-127), Tables ,(Page-155), Trees (Page-174), Binary Trees (Page-200), Search trees ,(Page-224) Heaps and priority queues(Page-235), Sorting (Page-248). |
| 650 #0 - SUBJECT ADDED ENTRY--TOPICAL TERM |
| Topical term or geographic name entry element |
C++ (Computer program language) |
| 9 (RLIN) |
1810 |
| 650 #0 - SUBJECT ADDED ENTRY--TOPICAL TERM |
| Topical term or geographic name entry element |
Data structures (Computer science) |
| 9 (RLIN) |
3010 |
| 856 42 - ELECTRONIC LOCATION AND ACCESS |
| Materials specified |
Contributor biographical information |
| Uniform Resource Identifier |
<a href="http://www.loc.gov/catdir/bios/mh041/00022981.html">http://www.loc.gov/catdir/bios/mh041/00022981.html</a> |
| 856 42 - ELECTRONIC LOCATION AND ACCESS |
| Materials specified |
Publisher description |
| Uniform Resource Identifier |
<a href="http://www.loc.gov/catdir/description/mh021/00022981.html">http://www.loc.gov/catdir/description/mh021/00022981.html</a> |
| 856 41 - ELECTRONIC LOCATION AND ACCESS |
| Materials specified |
Table of contents |
| Uniform Resource Identifier |
<a href="http://www.loc.gov/catdir/toc/mh021/00022981.html">http://www.loc.gov/catdir/toc/mh021/00022981.html</a> |
| 906 ## - LOCAL DATA ELEMENT F, LDF (RLIN) |
| a |
7 |
| b |
cbc |
| c |
orignew |
| d |
1 |
| e |
ocip |
| f |
20 |
| g |
y-gencatlg |
| 942 ## - ADDED ENTRY ELEMENTS (KOHA) |
| Source of classification or shelving scheme |
|
| Koha item type |
Book |
| Call number prefix |
005.133,HUB |